|
|
|
|
| LEADER |
02166nam a2200529 a 4500 |
| 001 |
nkc20132486168 |
| 003 |
CZ PrNK |
| 005 |
20150416131841.0 |
| 007 |
ta |
| 008 |
130903s2012 xr ae f 001 0 cze |
| 015 |
|
|
|a cnb002486168
|
| 020 |
|
|
|a 978-80-87292-21-1
|q (brož.) :
|c Kč 349,00
|
| 035 |
|
|
|a (OCoLC)862712981
|
| 040 |
|
|
|a ABA001
|b cze
|
| 041 |
0 |
|
|a cze
|b eng
|
| 043 |
|
|
|a e-xr---
|b e-xr-pg
|2 czenas
|
| 072 |
|
7 |
|a 94(437)
|x Dějiny Česka a Slovenska
|2 Konspekt
|9 8
|
| 080 |
|
|
|a 902.2
|2 MRF
|
| 080 |
|
|
|a 902:904
|2 MRF
|
| 080 |
|
|
|a 719:69
|2 MRF
|
| 080 |
|
|
|a 94(437.311)
|2 MRF
|
| 080 |
|
|
|a (048.8:082)
|2 MRF
|
| 100 |
1 |
|
|a Musílek, Martin,
|d 1980-
|7 jo2013782948
|4 aut
|4 edt
|
| 245 |
1 |
0 |
|a Havelské Město pražské ve středověku :
|b historie, archeologie, stavební historie /
|c Martin Musílek a kol.
|
| 250 |
|
|
|a Vyd. 1.
|
| 260 |
|
|
|a Praha :
|b Casablanca,
|c 2012
|
| 300 |
|
|
|a 429 s., [1] složený l. obr. příl. :
|b il. (některé barev.), plány ;
|c 23 cm
|
| 504 |
|
|
|a Obsahuje bibliografii, bibliografické odkazy a rejstřík
|
| 546 |
|
|
|a Anglická resumé
|
| 650 |
0 |
7 |
|a archeologické výzkumy
|7 ph118577
|z Česko
|2 czenas
|
| 650 |
0 |
7 |
|a archeologické nálezy
|7 ph137683
|z Česko
|2 czenas
|
| 650 |
0 |
7 |
|a stavebněhistorický průzkum
|7 ph137762
|z Česko
|2 czenas
|
| 650 |
0 |
9 |
|a excavations (archaeology)
|z Czechia
|2 eczenas
|
| 650 |
0 |
9 |
|a antiquities
|z Czechia
|2 eczenas
|
| 650 |
0 |
9 |
|a constructional-historical research
|z Czechia
|2 eczenas
|
| 651 |
|
7 |
|a Nové Město (Praha, Česko)
|7 ge130225
|x dějiny
|2 czenas
|
| 651 |
|
9 |
|a Nové Město (Prague, Czechia)
|x history
|2 eczenas
|
| 653 |
0 |
|
|a Havelské Město
|
| 655 |
|
7 |
|a kolektivní monografie
|7 fd501537
|2 czenas
|
| 655 |
|
9 |
|a collective monographs
|2 eczenas
|
| 910 |
2 |
|
|a BOA001
|b 2-1333.177
|
| 990 |
|
|
|a BK
|
| 995 |
|
|
|a 01
|
| 991 |
|
|
|b 201410
|c NOV
|e n
|
| 996 |
6 |
|
|b 2610606730
|c 2-1333.177
|l MZK
|r Sklad / do 1 hodiny
|n 1
|p p.v.
|w 001459894
|u 000010
|a 1
|e BOA001
|j MZK50
|s P
|
| 996 |
6 |
|
|b 2610611936
|c 2-1333.177
|l MZK
|r HSS 5p
|n 0
|p kup
|h 94(437.31) PRA
|w 001459894
|u 000020
|a 0
|e BOA001
|j MZK50
|s P
|
| 996 |
7 |
|
|b 2610611937
|c 2-1333.177
|l MZK
|r Sklad / do 1 hodiny
|n 3
|p kup
|w 001459894
|u 000030
|a 1
|e BOA001
|j MZK50
|s A
|